[Event "ROM-ch U12"]
[Site "Calimanesti Caciulata"]
[Date "2019.04.17"]
[Round "4"]
[White "Soare, Andrei"]
[Black "Antohi, Bogdan"]
[Result "0-1"]
[WhiteElo "1138"]
[BlackElo "1005"]
[PlyCount "62"]
[EventDate "2019.04.15"]
[EventType "swiss"]
[EventRounds "9"]
[EventCountry "ROU"]
[SourceTitle "CBM 190 Extra"]
[Source "ChessBase"]
[SourceDate "2019.07.15"]
[SourceVersion "1"]
[SourceVersionDate "2019.07.15"]
[SourceQuality "1"]

1. e4 e5 2. Nf3 Nc6 3. d4 exd4 4. Nxd4 Bc5 5. Be3 Bb6 6. Nc3 Nf6 7. Bg5 Bxd4 8. Bb5 Bxc3+ 9. bxc3 d6 10. f4 h6 11. Bh4 Qd7 12. Bxf6 gxf6 13. 0-0 b6 14. Qd5 Bb7 15. Rad1 0-0-0 16. Qb3 Qe6 17. Rde1 Qxb3 18. cxb3 Ne7 19. Bc4 d5 20. exd5 Nxd5 21. Bxd5 Bxd5 22. c4 Bb7 23. Re7 Rd7 24. Rfe1 Rxe7 25. Rxe7 Rf8 26. g4 Kd8 27. Re2 Re8 28. Rxe8+ Kxe8 29. h4 Bf3 30. g5 fxg5 31. fxg5 hxg5 0-1

[Event "ROM-ch U10"]
[Site "Calimanesti"]
[Date "2018.03.29"]
[Round "4"]
[White "Antohi, Bogdan"]
[Black "Bujor, Andrei Cristian"]
[Result "0-1"]
[WhiteElo "1028"]
[BlackElo "1235"]
[PlyCount "66"]
[EventDate "2018.03.27"]
[EventType "swiss"]
[EventRounds "9"]
[EventCountry "ROU"]
[SourceTitle "CBM 183 Extra"]
[Source "ChessBase"]
[SourceDate "2018.04.19"]
[SourceVersion "1"]
[SourceVersionDate "2018.04.19"]
[SourceQuality "1"]

1. e4 e5 2. Nf3 Nc6 3. Bc4 Bc5 4. c3 Nf6 5. d3 d6 6. 0-0 0-0 7. Bg5 h6 8. Bxf6 Qxf6 9. h3 Be6 10. Bxe6 fxe6 11. Nbd2 Qg6 12. Re1 Qg3 13. Re2 Qf4 14. Qc2 Bb6 15. g3 Qxg3+ 16. Kh1 Qxh3+ 17. Nh2 Rxf2 18. Rxf2 Bxf2 19. Rf1 Bg3 20. Ndf3 Bxh2 21. Nxh2 Rf8 22. Rxf8+ Kxf8 23. Qg2 Qxg2+ 24. Kxg2 d5 25. Kf3 Kf7 26. Ng4 h5 27. Nh2 g5 28. Kg3 Kg6 29. Nf1 Nb8 30. Nh2 Nd7 31. Nf1 Nb6 32. b3 Nd7 33. Nh2 Nc5 0-1